An Introduction to Reliability and Maintainability Engineering /

Saved in:
Bibliographic Details
Main Author: Ebeling, Charles E. (Author)
Format: Book
Language:English
Published: Long Grove Waveland 2019
Edition:3. vyd.
Subjects:
Tags: Add Tag
No Tags, Be the first to tag this record!

MARC

LEADER 00000nam a22000003a 4500
001 0095350
003 SK-STU
005 20220520113507.4
007 ta
008 220520s ----xo-----e------000-0-----d
020 |a 978-1-4786-3734-9 
040 |a STU  |b slo 
041 0 |a eng 
044 |a xxu 
100 1 |a Ebeling, Charles E.  |4 aut 
245 1 0 |a An Introduction to Reliability and Maintainability Engineering /  |c aut. Charles E Ebeling 
250 |a 3. vyd. 
260 |a Long Grove  |b Waveland  |c 2019 
300 |a 658 s. 
650 0 7 |a spoľahlivosť a údržba 
996 |b 284M089070  |c M* 14644-1  |l MMST  |s A  |a 24  |w 0095350_0001